Best-Selling Books of All-Time - Statistics

General Stats
  • This quiz has been taken 44 times
    29 since last reset
  • The average score is 7 of 13
Answer Stats
HINT Answer % Correct
The future rests in the fate of the One Ring, which has been lost for centuries. Only now to be in the hands of Frodo. The Lord of the Rings
100%
A boy learns on his eleventh birthday that he possesses unique magical powers of his own. Harry Potter
93%
Wizard arrives to invite Bilbo to go on a quest toreclaim the kingdom of Erebor. The Hobbit
85%
A murder in the Louvre Museum and cryptic clues in some of Leonardo da Vinci's most famous paintings lead to the discovery of a religious mystery. The Da Vinci Code
81%
Man is obsessed with small girl. To stay in her life, man marries her mother. Lolita
78%
A small boy from a tiny planet, who travels theuniverse seeking wisdom. The Little Prince
74%
A man and his 'squire' trying to prove that chivalry is not dead and aspiring to be heroes. Don Quixote
67%
Four siblings are sent to the country house wherethey will be safe from bombings of London until one sibling discovers a magical wardrobe. Narnia
59%
Seven guests, a newly hired secretary and two staff are gathered at a manor house on an isolated island by an unknown absentee host and are killed off one-by-one. And Then There Were None
56%
11-year-old orphan girl, who is sent by mistake to two middle-aged siblings, who had originally intended to adopt a boy to help them on their farm in the fictional town of Avonlea. Anne of Green Gables
41%
Now newly divorced and facing a turning point, woman finds that she is confused about what is important to her. Eat Pray Love
7%
A French man's 18 year imprisonment is over, his release to live with his daughter whom he had never met. A Tale of Two Cities
4%
Man raises boy out of request of dead friend. Before his untimely death, he gifts his son a box to be opened on his 25th birthday. She: A History of Adventure
0%
No matching quizzes found
Score Distribution
Percent of People with Each Score
Percentile by Number Answered
Your Score History
You have not taken this quiz since the last reset